<?xml version="1.0" encoding="UTF-8"?>
<marc:record xmlns:marc="http://www.loc.gov/MARC21/slim">
   <marc:leader>00000nam a2200000 a 4500</marc:leader>
   <marc:datafield ind1="1" ind2=" " tag="100">
      <marc:subfield code="a">Heinrich, Finn-Ole</marc:subfield>
      <marc:subfield code="4">aut</marc:subfield>
      <marc:subfield code="e">Verfasser/-in</marc:subfield>
   </marc:datafield>
   <marc:datafield ind1="1" ind2=" " tag="100">
      <marc:subfield code="a">Flygenring, Rán (Ill.)</marc:subfield>
      <marc:subfield code="4">aut</marc:subfield>
      <marc:subfield code="e">Verfasser/-in</marc:subfield>
   </marc:datafield>
   <marc:datafield ind1="0" ind2="0" tag="245">
      <marc:subfield code="a">Die erstaunlichen Abenteuer der Maulina Schmitt</marc:subfield>
   </marc:datafield>
   <marc:datafield ind1="0" ind2="0" tag="245">
      <marc:subfield code="b">Mein kaputtes Königreich</marc:subfield>
   </marc:datafield>
   <marc:datafield ind1="0" ind2="0" tag="245">
      <marc:subfield code="c">Finn-Ole Heinrich</marc:subfield>
   </marc:datafield>
   <marc:datafield ind1=" " ind2="1" tag="264">
      <marc:subfield code="a">München</marc:subfield>
      <marc:subfield code="b">Hanser</marc:subfield>
      <marc:subfield code="c">2013</marc:subfield>
   </marc:datafield>
   <marc:datafield ind1=" " ind2=" " tag="250">
      <marc:subfield code="a">M.Ill.</marc:subfield>
   </marc:datafield>
   <marc:datafield ind1="1" ind2=" " tag="520">
      <marc:subfield code="a">Maulinas Welt ist aus den Fugen geraten: Sie muss die Trennung ihrer Eltern verdauen, einen Umzug schlucken und sich an einer neuen Schule zurechtfinden. Sie und ihre Mutter sind aus dem geliebten "Mauldawien" ausgezogen, mit dem gefräßigen Dielenboden und den blau-weißen Sofas. Ausgerechnet nach "Plastikhausen". Da ist alles so steril, und es gibt überhaupt keine Kinder. Hat das etwa "der Mann", wie sie ihren Vater nennt, bestimmt? Doch dann erfährt Maulina von der Krankheit ihrer Mutter. Jetzt hat sie noch etwas, auf was sie wütend sein kann. Und wenn Maulina wütend ist, bleibt kein Stein auf dem anderen. Ein witzig illustriertes Kinderbuch mit einer besonderen Heldin - trotzig, eigensinnig und voller Fantasie.</marc:subfield>
   </marc:datafield>
   <marc:datafield ind1=" " ind2=" " tag="020">
      <marc:subfield code="a">9783446243040</marc:subfield>
      <marc:subfield code="9">9783446243040</marc:subfield>
   </marc:datafield>
   <marc:datafield ind1=" " ind2=" " tag="020">
      <marc:subfield code="a">3446243046</marc:subfield>
      <marc:subfield code="9">3446243046</marc:subfield>
   </marc:datafield>
   <marc:datafield ind1=" " ind2=" " tag="300">
      <marc:subfield code="a">162 S.</marc:subfield>
   </marc:datafield>
</marc:record>
